FC Bayern München UEFA Champions League Players - Statistics

General Stats
  • This quiz has been taken 145 times
  • The average score is 71 of 181
Answer Stats
Die Roten % Correct
Manuel Neuer
95%
Oliver Kahn
93%
Thomas Müller
90%
Min-jae Kim
88%
Robert Lewandowski
87%
Jérôme Boateng
85%
Joshua Kimmich
85%
Leroy Sané
85%
Serge Gnabry
85%
Philipp Lahm
84%
Arjen Robben
83%
Franck Ribéry
83%
Alphonso Davies
81%
Bastian Schweinsteiger
81%
Kingsley Coman
80%
Mats Hummels
80%
Sven Ulreich
80%
Leon Goretzka
79%
Harry Kane
78%
Mario Götze
78%
Jamal Musiala
77%
David Alaba
73%
Toni Kroos
72%
Dayot Upamecano
71%
Mario Gómez
71%
Miroslav Klose
69%
Niklas Süle
69%
Thiago Alcântara
69%
Mario Mandžukić
67%
Philippe Coutinho
66%
Javi Martínez
65%
Michael Olise
65%
Konrad Laimer
64%
Lucas Hernandez
64%
Lothar Matthäus
63%
Matthijs de Ligt
62%
Dante
60%
Benjamin Pavard
59%
Lukas Podolski
59%
Michael Ballack
59%
Xabi Alonso
59%
Aleksandar Pavlović
58%
Douglas Costa
58%
James Rodríguez
58%
Rafinha
58%
Holger Badstuber
57%
Ivan Perišić
57%
Luca Toni
56%
Claudio Pizarro
53%
Eric Dier
53%
Eric Maxim Choupo-Moting
53%
Sadio Mané
53%
Corentin Tolisso
52%
Giovane Élber
52%
Mark van Bommel
52%
Raphaël Guerreiro
52%
Daniel Van Buyten
51%
Hans-Jörg Butt
51%
Marcel Sabitzer
51%
Yann Sommer
51%
Ivica Olić
49%
Jonas Urbig
49%
Juan Bernat
48%
Bixente Lizarazu
45%
Lúcio
45%
Martín Demichelis
45%
Mehmet Scholl
45%
Owen Hargreaves
44%
Stefan Effenberg
44%
Zé Roberto
44%
Josip Stanišić
43%
Mathys Tel
43%
Renato Sanches
43%
Roy Makaay
43%
Noussair Mazraoui
42%
Torsten Frings
41%
Arturo Vidal
40%
Ryan Gravenberch
40%
Anatoliy Tymoshchuk
38%
Samuel Kuffour
38%
Xherdan Shaqiri
38%
Carsten Jancker
37%
Daniel Peretz
37%
Diego Contento
37%
João Palhinha
37%
Sebastian Rode
37%
Willy Sagnol
37%
Alexander Nübel
36%
Hamit Altıntop
36%
Joshua Zirkzee
36%
Bouna Sarr
35%
Hasan Salihamidžić
35%
João Cancelo
35%
Luiz Gustavo
35%
Medhi Benatia
35%
Sacha Boey
35%
Hiroki Itō
34%
Pierre-Emile Højbjerg
34%
Roque Santa Cruz
34%
Sebastian Rudy
34%
Mario Basler
33%
Niko Kovač
33%
Robert Kovač
33%
Patrik Andersson
31%
Danijel Pranjić
29%
Dietmar Hamann
29%
Sebastian Deisler
29%
Thomas Linke
29%
Tim Borowski
29%
Álvaro Odriozola
28%
Breno
28%
Jens Jeremies
28%
Michael Rensing
28%
Sandro Wagner
28%
Alexander Zickler
27%
Markus Babbel
27%
Paul Wanner
27%
Christian Lell
26%
Christian Ziege
26%
Marc Roca
26%
Thomas Helmer
26%
Massimo Oddo
24%
Paolo Guerrero
24%
Paulo Sérgio
24%
Thomas Kraft
24%
Thorsten Fink
24%
Andreas Ottl
23%
Chris Richards
23%
Omar Richards
23%
Arijon Ibrahimović
22%
Nils Petersen
22%
Thomas Strunz
22%
Ali Daei
21%
Ali Karimi
21%
José Sosa
21%
Michael Tarnat
21%
Valérien Ismaël
20%
Christian Nerlinger
19%
Gianluca Gaudino
19%
Julian Green
19%
Tobias Rau
19%
Ciriaco Sforza
17%
Frans Krätzig
17%
Vahid Hashemian
17%
Jean-Pierre Papin
16%
Malik Tillman
16%
Andreas Görlitz
15%
Edson Braafheid
15%
Takashi Usami
15%
Tanguy Nianzou
15%
Julio dos Santos
14%
Mitchell Weiser
14%
Jan Kirchhoff
12%
Markus Feulner
12%
Angelo Stiller
10%
Marco Friedl
10%
Stefan Wessels
10%
Alain Sutter
9%
Jorginho
9%
David Jarolím
8%
Pablo Thiam
8%
Woo-yeong Jeong
8%
Adam Aznou
7%
Michael Wiesinger
7%
Ruggiero Rizzitelli
7%
Bright Arrey-Mbi
6%
Marcel Witeczek
6%
Antonio Di Salvo
5%
Emil Kostadinov
5%
Markus Schupp
5%
Oliver Kreuzer
5%
Berkant Göktan
3%
Mazinho Oliveira
3%
Nils-Eric Johansson
3%
Sławomir Wojciechowski
3%
Sven Scheuer
3%
Uwe Gospodarek
3%
Michael Sternkopf
2%
Dieter Frey
1%
Frank Gerster
1%
Marco Grimm
1%
No matching quizzes found
Score Distribution
Percent of People with Each Score
Percentile by Number Answered
Your Score History
You have not taken this quiz